RZECZY, KTÓRE MA PRZY SOBIE POLICJANT: - Statystyki

Ogólne statystyki
  • Ten quiz został rozwiązany 273 razy
  • Średni wynik to 4 z 6
Statystyki odpowiedzi
Odpowiedź % Poprawnych
PISTOLET
95%
KAJDANKI
90%
PAŁKA
83%
PARALIZATOR
55%
ODZNAKA
34%
KRÓTKOFALÓWKA
26%
Nie znaleziono quizów pasujących do podanych kryteriów
Rozkład punktacji
Procent ludzi z każdym wynikiem
Percentyl według liczby udzielonych odpowiedzi
Twoja historia wyników
Nie rozwiązałeś tego quizu